| 000 | 00657nam a2200265Ia 4500 | ||
|---|---|---|---|
| 005 | 20260302115705.0 | ||
| 008 | 008 260114s9999 xx 000 0 eng d | ||
| 020 | _a9781509925247 | ||
| 037 | _aTextbook | ||
| 040 | _aCRL | ||
| 040 | _beng | ||
| 040 | _cCRL | ||
| 041 | _2eng | ||
| 041 | _aeng | ||
| 084 | _qCRL | ||
| 100 |
_aAndrew Boon _9875591 |
||
| 245 | 0 | _aLawyers and the Rule of Law | |
| 260 | _bBloomsbury | ||
| 260 | _bBloomsbury Academic | ||
| 260 | _c2022 | ||
| 650 | _aLaw | ||
| 856 | _uhttps://www.bloomsburycollections.com/monograph?docid=b-9781509925247&st=9781509925247 | ||
| 942 | _cEBOOK | ||
| 999 |
_c1687133 _d1687133 |
||